A Tricky Countdown #6 - Statistics

General Stats
  • This quiz has been taken 29 times
  • The average score is 8 of 11
Answer Stats
# % Correct
82
100%
91
100%
73
95%
64
91%
55
82%
46
73%
37
68%
28
64%
19
59%
10
50%
1
41%
No matching quizzes found
Score Distribution
Percent of People with Each Score
Percentile by Number Answered
Your Score History
You have not taken this quiz